Nom des habitants des pays - Statistiques

Statistiques générales
  • Ce quiz a été pris 226 fois
    225 depuis la dernière actualisation
  • Le résultat moyen est 105 sur 196
Statistiques - réponses
Pays Gentilé % Correct
Allemagne Allemand(e)
97%
Belgique Belge
94%
Bulgarie Bulgare
92%
Espagne Espagnol(e)
92%
Albanie Albanais(e)
91%
Autriche Autrichien(ne)
91%
France Français(e)
91%
Grèce Grec/Greque
90%
Italie Italien(ne)
90%
Croatie Croate
89%
Irlande Irlandais(e)
88%
Biélorussie Biélorusse
87%
Finlande Finlandais(e)
87%
Hongrie Hongrois(e)
87%
Islande Islandais(e)
87%
Russie Russe
87%
Portugal Portugais(e)
86%
Roumanie Roumain(e)
86%
Danemark Danois(e)
85%
Pologne Polonais(e)
85%
Ukraine Ukrainien(ne)
85%
Lettonie Letton(ne)
84%
Norvége Norvégien(ne)
84%
Chine Chinois(e)
83%
Estonie Estonien(ne)
83%
Serbie Serbe
83%
Slovaquie Slovaque
83%
Brésil Brésilien(ne)
82%
Suède Suédois(e)
82%
Suisse Suisse(sse)
82%
États-Unis Américain(e) / États-unien(ne)
81%
Arménie Arménien(ne)
81%
Canada Canadien(ne)
81%
Argentine Argentin(e)
80%
Australie Australien(ne)
80%
Colombie Colombien(ne)
80%
Haïti Haïtien(ne)
80%
Mexique Mexicain(e)
80%
Japon Japonais(e)
79%
Lituanie Lituanien(ne)
79%
Luxembourg Luxembourgeois(e)
79%
Moldavie Moldave
79%
Bolivie Bolivien(ne)
78%
Afghanistan Afghan(e)
77%
Chili Chilien(ne)
77%
Inde Indien(ne)
77%
Irak Irakien(ne)
76%
Iran Iranien(ne)
76%
Malte Maltais(e)
74%
Géorgie Géorgien(ne)
73%
Israël Israélien(ne)
73%
Jordanie Jordanien(ne)
73%
Monaco Monégasque
73%
République Tchèque Tchèque
73%
Liban Libanais(e)
72%
Cuba Cubain(e)
71%
Indonésie Indonésien(ne)
71%
Mongolie Mongol(e)
71%
Slovénie Slovène
71%
Algérie Algérien(ne)
70%
Turquie Turc/Turque
70%
Cambodge Cambodgien(ne)
69%
Pakistan Pakistanais(e)
69%
Palestine Palestinien(ne)
69%
Thaïlande Thaïlandais(e)
69%
Venezuela Vénézuélien(ne)
69%
Égypte Égyptien(ne)
68%
Jamaïque Jamaïcain(e)
68%
Cameroun Camerounais(e)
67%
Dominique | République dominicaine Dominicain(e)
67%
Malaisie Malaisien(ne)
67%
Syrie Syrien(ne)
67%
République du Congo | République démocratique du Congo Congolais(e)
66%
Pérou Péruvien(ne)
66%
Viêt Nam Vietnamien(ne)
65%
Bosnie-Herzégovine Bosnien(ne)
64%
Corée du Nord Nord-Coréen(ne)
63%
Corée du Sud Sud-Coréen(ne)
63%
Côte d'Ivoire Ivoirien(ne)
62%
Macédoine du Nord Macédonien(ne)
62%
Népal Népalais(e)
62%
Arabie saoudite Saoudien(ne)
62%
Maroc Marocain(e)
61%
Fidji Fidjien(ne)
60%
Tunisie Tunisien(ne)
60%
Éthiopie Éthiopien(ne)
59%
Gabon Gabonais(e)
59%
Chypre Chypriote
58%
Angola Angolais(e)
57%
Équateur Équatorien(ne)
57%
Sénégal Sénégalais(e)
57%
Somalie Somalien(ne)
57%
Comores Comorien(ne)
56%
Mali Malien(ne)
56%
Micronésie Micronésien(ne)
56%
Guinée Guinéen(ne)
55%
Ouzbékistan Ouzbek(e)
55%
Soudan Soudanais(e)
54%
Kazakhstan Kazakh(e)
53%
Pays-Bas Néerlandais(e)
53%
Niger Nigérien(ne)
53%
Sri Lanka Sri-Lankais(e)
53%
Uruguay Uruguayen(ne)
53%
Paraguay Paraguayen(ne)
52%
Grenade Grenadien(ne)
50%
Libye Libyen(ne)
50%
Madagascar Malgache
50%
Philippines Philippin(e)
50%
Bénin Béninois(e)
49%
Maurice Mauricien(ne)
49%
Namibie Namibien(ne)
49%
Afrique du Sud Sud-Africain(ne)
49%
Gambie Gambien(ne)
48%
Nouvelle-Zélande Néo-Zélandais(e)
48%
Ouganda Ougandais(e)
48%
Vatican Vaticanais(e)
48%
Rwanda Rwandais(e)
47%
Tadjikistan Tadjik(e)
47%
Tanzanie Tanzanien(ne)
47%
Belize Bélizien(ne)
45%
Myanmar (Birmanie) Birman(e)
45%
Suriname Surinamien(ne)
45%
Zambie Zambien(ne)
45%
République Centrafricaine Centrafricain(e)
44%
Kenya Kényan(e)
44%
Costa Rica Costaricain(e)
43%
Kiribati Kiribatien(ne)
43%
Kosovo Kosovar(e)
43%
Mauritanie Mauritanien(ne)
43%
Nigeria Nigérian(e)
43%
Salvador Salvadorien(ne)
43%
Tchad Tchadien(ne)
43%
Oman Omanais(e)
42%
Barbade Barbadien(ne)
41%
Singapour Singapourien(ne)
41%
Botswana Botswanais(e)
40%
Érythrée Érythréen(ne)
39%
Soudan du Sud Sud-Soudanais(e)
39%
Djibouti Djiboutien(ne)
38%
Émirats arabes unis Émirati(e)
38%
Libéria Libérien(ne)
38%
Yémen Yéménite
38%
Cap-Vert Cap-verdien(ne)
37%
Koweït Koweïtien(ne)
36%
Laos Laotien(ne)
36%
Qatar Qatari(enne)
36%
Togo Togolais(e)
36%
Turkménistan Turkménistanais(e) / Turkmène
35%
Bhoutan Bhoutanais(e)
34%
Royaume-Uni Britannique
34%
Burkina Faso Burkinabè
34%
Guatemala Guatémaltèque
34%
Maldives Maldivien(ne)
34%
Ghana Ghanéen(ne)
32%
Honduras Hondurien(ne)
31%
Monténégro Monténégrin(ne)
31%
Panama Panaméen(ne)
30%
Saint-Marin Saint-Marinais(e)
27%
Zimbabwe Zimbabwéen(ne)
27%
Burundi Burundais(e)
26%
Îles Marshall Marshallais(e)
26%
Andorre Andorran(e)
23%
Liechtenstein Liechtensteinois(se)
23%
Antigua-et-Barbuda Antiguais(e)
22%
Bahreïn Bahreïni(enne)
22%
Bangladesh Bangladais(e)
22%
Guyana Guyanien(ne)
22%
Sainte-Lucie Saint-Lucien(ne)
22%
Seychelles Seychellois(e)
22%
Brunei Brunéien(ne)
20%
Kirghizistan Kirghize
20%
Îles Salomon Salomonais(e)
19%
Azerbaïdjan Azéri(e)
18%
Guinée-Bissau Bissau-Guinéen(ne)
18%
Samoa Samoan(e)
18%
Sierra Leone Sierra-Léonais(e)
18%
Tonga Tongien(ne)
18%
Eswatini (Swaziland) Swazi
17%
Papouasie-Nouvelle-Guinée Papouasien(ne)
16%
Malawi Malawite
15%
Guinée équatoriale Équato-guinéen(ne)
14%
Nicaragua Nicaraguayen(ne)
14%
Mozambique Mozambicain(e)
13%
Bahamas Bahaméen(ne)
8%
Nauru Nauruan(ne)
8%
Trinité-et-Tobago Trinidadien(ne)
7%
Saint-Vincent-et-les-Grenadines Saint-Vincentais(e)
6%
Tuvalu Tuvaluan(e)
6%
Vanuatu Vanuatuan(e)
6%
Lesotho Lésothan(e)
4%
Timor oriental (Est-)Timorais(e)
3%
Palaos Palauan(ne)
3%
São-Tomé-et-Príncipe Santoméen(ne)
3%
Saint-Christophe-et-Niévès Saint-Kitts-et-Névicien(ne)
2%
Aucun quiz correspondant
Distribution des résultats
% des personnes avec chaque résultat
Percentile par nombre de réponses
Votre historique - résultats
Vous n’avez pas pris ce quiz depuis la dernière actualisation